| 000 | 00405nam a22001697a 4500 | ||
|---|---|---|---|
| 003 | MPLRDC | ||
| 005 | 20220104125614.0 | ||
| 008 | 210129b ||||| |||| 00| 0 eng d | ||
| 082 | _a947.47 TZBEX-38 v.6 | ||
| 100 | _a藤子不二雄原著 | ||
| 245 |
_a忍者小叮当. 六 _c |
||
| 260 |
_a _b不详 _c |
||
| 300 | _b平 | ||
| 490 | _a小学馆漫画 | ||
| 650 | _a | ||
| 942 |
_cBK _o947.47 TZBEX-38 v.6 |
||
| 999 |
_c28688 _d28678 |
||